header

Queering the non/human (Record no. 35695)

MARC details
000 -LEADER
fixed length control field 01289nam a2200349Ia 4500
082 04 - DEWEY DECIMAL CLASSIFICATION NUMBER
Classification number 306.76/6
245 00 - TITLE STATEMENT
Title Queering the non/human
260 ## - PUBLICATION, DISTRIBUTION, ETC. (IMPRINT)
Place of publication Aldershot, Hampshire, England ;
-- Burlington, VT :
Name of publisher Ashgate,
Year of publication c2008.
300 ## - PHYSICAL DESCRIPTION
Number of Pages xxviii, 384 p. :
Other physical details ill.
490 1# - SERIES STATEMENT
Series statement Queer interventions
650 #0 - SUBJECT ADDED ENTRY--TOPICAL TERM
Topical Term Homosexuality.
Topical Term Queer theory.
700 1# - ADDED ENTRY--PERSONAL NAME
Personal name Giffney, Noreen.
Personal name Hird, Myra J.
856 40 - ELECTRONIC LOCATION AND ACCESS
Uniform Resource Identifier http://site.ebrary.com/lib/rucke/Doc?id=10250458

No items available.

© 2026 Rongo University
Contact us: librarian | system librarian | Rongo university